Mathematics-6 (Record no. 12063)
[ view plain ]
| 000 -LEADER | |
|---|---|
| fixed length control field | 00248nam a22000977a 4500 |
| 008 - FIXED-LENGTH DATA ELEMENTS--GENERAL INFORMATION | |
| fixed length control field | 221007b |||||||| |||| 00| 0 eng d |
| 020 ## - INTERNATIONAL STANDARD BOOK NUMBER | |
| International Standard Book Number | 9789383182497 |
| 100 ## - MAIN ENTRY--PERSONAL NAME | |
| Personal name | Sharma R.D |
| 245 ## - TITLE STATEMENT | |
| Title | Mathematics-6 |
| 260 ## - PUBLICATION, DISTRIBUTION, ETC. (IMPRINT) | |
| Place of publication, distribution, etc. | New Delhi |
| Name of publisher, distributor, etc. | Dhanpat Publication |
| Date of publication, distribution, etc. | 2022 |
| Withdrawn status | Lost status | Source of classification or shelving scheme | Damaged status | Koha normalized classification for sorting | Not for loan | Home library | Current library | Shelving location | Date acquired | Total Checkouts | Full call number | Barcode | Date last seen | Date last checked out | Price effective from | Koha item type |
|---|---|---|---|---|---|---|---|---|---|---|---|---|---|---|---|---|
| Dewey Decimal Classification | SHA_510_000000000000000 | Good Samaritan School Library | Good Samaritan School Library | Mathematics | 10/07/2022 | 3 | SHA510 | SHA17320 | 10/28/2025 | 10/28/2025 | 10/07/2022 | BOOK | ||||
| Dewey Decimal Classification | SHA_510_000000000000000 | Good Samaritan School Library | Good Samaritan School Library | Mathematics | 10/07/2022 | 1 | SHA510 | SHA17321 | 07/14/2025 | 07/08/2025 | 10/07/2022 | BOOK |